Calculus of one variable (Record no. 654)

MARC details
000 -LEADER
fixed length control field 00443 a2200169 4500
001 - CONTROL NUMBER
control field 066614
003 - CONTROL NUMBER IDENTIFIER
control field OSt
005 - DATE AND TIME OF LATEST TRANSACTION
control field 20211004152936.0
008 - FIXED-LENGTH DATA ELEMENTS--GENERAL INFORMATION
fixed length control field
082 ## - DEWEY DECIMAL CLASSIFICATION NUMBER
Classification number 515.83
Item number H61C
100 1# - MAIN ENTRY--PERSONAL NAME
Personal name Hirst, Keith E.
245 1# - TITLE STATEMENT
Title Calculus of one variable
Statement of responsibility, etc by Keith E. Hirst
260 ## - PUBLICATION, DISTRIBUTION, ETC. (IMPRINT)
Place of publication, distribution, etc New York
Name of publisher, distributor, etc Springer
Date of publication, distribution, etc 2010
300 ## - PHYSICAL DESCRIPTION
Extent 267p.
690 ## - LOCAL SUBJECT ADDED ENTRY--TOPICAL TERM (OCLC, RLIN)
Topical term or geographic name as entry element Functions of real variables; Calculus; Mathematics
942 ## - ADDED ENTRY ELEMENTS (KOHA)
Source of classification or shelving scheme Dewey Decimal Classification
Koha item type Books
Holdings
Withdrawn status Lost status Source of classification or shelving scheme Damaged status Not for loan Home library Current library Date acquired Source of acquisition Cost, normal purchase price Full call number Barcode Date last seen Price effective from Koha item type
    Dewey Decimal Classification     Central University Of Rajasthan Central University Of Rajasthan 07/03/2012 MTH 365.00 515.83 H61C 900 21/11/2024 02/09/2020 Books